000 00654nam a22002297a 4500
999 _c286431
_d286431
001 266
003 UA-OsUOA
005 20200126202121.0
007 ta
008 20050525b un ||||| |||| 00| 0 ukr d
040 _aUA-OsUOA
_bukr
_cUA-OsUOA
_dUA-OsUOA
041 _aukr
080 _a821.112.2
090 _a821.112.2
_bВ26
100 _aВебер К. Г.
245 _aІ мертві залишають тіні
_bроман
_cпер.з нім. В. С. Ревухин
260 _aК.
_bМолодь
_c1987
300 _a232 с.
650 7 _a82 Література. Літературознавство
_2UDC
942 _cBK
_2udc
955 _a0